Sports Quiz

Random Sports Quiz
Score 0/20 Timer 05:00
28 Plays Today
Hint Answer % Correct
Gerard Pique played 23 times for this English clubManchester United
96.6%
English winger who played for Liverpool, Real Madrid and Manchester CitySteve McManaman
72.4%
Mauricio Pochettino managed this team before Tottenham HotspurSouthampton
70.7%
In what sport do teams compete for the Webb Ellis trophyRugby Union
69.2%
In which US city would you find sports teams named: 'The Celtics', 'The Red Sox' and 'The Bruins'?Boston
68.6%
Snooker player nicknamed 'The Rocket'Ronnie O'Sullivan
68.3%
How many players are on an Ice Hockey team?6
67.2%
Winners of the 1994/95 Premier League seasonBlackburn Rovers
67.2%
Host city of the 2012 OlympicsLondon
65.2%
Long-distance race with a distance of 42.195 kilometresMarathon
63%
Hint Answer % Correct
How many times has Roger Federer won the French Open?1
57.2%
Manchester City's stadium before they moved to the City of Manchester Stadium (The Etihad)Maine Road
54.4%
The PDC World Darts Championship is held at this venue every yearAlexandra Palace
46.9%
Before he managed Arsenal, what country was Arsene Wenger coaching in?Japan
46.7%
In what sport do teams compete for the Vince Lombardi trophy?American Football
41.7%
Top scorer at the 2014 Fifa World CupJames Rodriguez
41.1%
The first English player to score in a Champions League finalTeddy Sheringham
31.2%
Tiger Woods was born in this American stateCalifornia
31%
In what Irish county would you find Dundalk Football Club?Louth
21.9%
Outspoken Irish football pundit who worked on RTÉ for 40 yearsEamon Dunphy
20.8%
Remove Ads.
Support Sporcle.
Get the best of Sporcle when you Go Orange. This ad-free experience offers more features, more stats, and more fun while also helping to support Sporcle. Thank you for becoming a member.

You're not logged in!

Compare scores with friends on all Sporcle quizzes.
OR
Log In

Sporcle TV

Today on Sporcle TV


Watch our educational content, quiz creation guides, and fun videos on Sporcle TV.

Show Comments

Extras

Created Jun 28, 2020ReportNominate
Tags:arena, Daily, pundit

Top Quizzes Today


Score Distribution

Paid Content

Your Account Isn't Verified!

In order to create a playlist on Sporcle, you need to verify the email address you used during registration. Go to your Sporcle Settings to finish the process.

Report this User

Report this user for behavior that violates our Community Guidelines.

Details: